Tenali raman and the beggar : (Record no. 60616)
[ view plain ]
| 000 -LEADER | |
|---|---|
| fixed length control field | 01779nam a22002777a 4500 |
| 005 - DATE AND TIME OF LATEST TRANSACTION | |
| control field | 20120110140942.0 |
| 010 ## - LCCN (DPL NO) | |
| LC control number | B-482643-648 |
| 020 ## - INTERNATIONAL STANDARD BOOK NUMBER | |
| International Standard Book Number | 9788179636763 |
| Terms of availability | 45.00 |
| 035 ## - SYSTEM CONTROL NUMBER | |
| System control number | B-482643-648 |
| 037 ## - SOURCE OF ACQUISITION | |
| Stock number | DPL |
| Source of stock number/acquisition | Blue Berry/Ven |
| 082 ## - DEWEY DECIMAL CLASSIFICATION NUMBER | |
| Classification number | S |
| 245 ## - TITLE STATEMENT | |
| Title | Tenali raman and the beggar : |
| Remainder of title | Tenali raman and the brinjal / |
| 260 ## - PUBLICATION, DISTRIBUTION, ETC. (IMPRINT) | |
| Place of publication, distribution, etc | Mumbai |
| Name of publisher, distributor, etc | Shree book Centre |
| 270 ## - ADDRESS | |
| Address | 8 Kakad Industrial Estate-S. Keer Road (Off.L.J. Road) Matunga West |
| City | Mumbai |
| Postal code | 400016 |
| Telephone number | 24377516/24374559 |
| Fax number | 91-22-24309183 |
| Electronic mail address | sales@shreebookcentre.com |
| 300 ## - PHYSICAL DESCRIPTION | |
| Extent | Unpaged |
| Other physical details | Col.ill |
| Dimensions | 22cm (pbk) |
| 490 ## - SERIES STATEMENT | |
| Series statement | Stories of Tenali Raman |
| -- | 53548 |
| 500 ## - GENERAL NOTE | |
| General note | 2 in 1 Large Print |
| 942 ## - ADDED ENTRY ELEMENTS (KOHA) | |
| Source of classification or shelving scheme | Dewey Decimal Classification |
| Item type | Children Books |
| Call number suffix | RAM |
| Classification part | S |
| Withdrawn status | Lost status | Not for loan | Collection code | Home library | Current library | Date acquired | Source of acquisition | Cost, normal purchase price | Full call number | Barcode | Copy number | Cost, replacement price | Koha item type |
|---|---|---|---|---|---|---|---|---|---|---|---|---|---|
| Fiction | Andrews Gunj | Andrews Gunj | 06/11/2012 | Blue Berry/IN8553/28.04.2012/43/20.03.2012/19.06.20121260 | 45.00 | S RAM | B-482646 | 1 | 45.00 | Children Books | |||
| Fiction | Central Library | Central Library | 06/11/2012 | Blue Berry/IN8553/28.04.2012/43/20.03.2012/19.06.20121260 | 45.00 | S RAM | B-482643 | 1 | 45.00 | Children Books | |||
| Fiction | R.K.Puram-8 | R.K.Puram-8 | 06/11/2012 | Blue Berry/IN8553/28.04.2012/43/20.03.2012/19.06.20121260 | 45.00 | S RAM | B-482645 | 1 | 45.00 | Children Books | |||
| Fiction | Sarojini Nagar | Sarojini Nagar | 06/11/2012 | Blue Berry/IN8553/28.04.2012/43/20.03.2012/19.06.20121260 | 45.00 | S RAM | B-482644 | 1 | 45.00 | Children Books | |||
| Fiction | Sriniwas Puri | Sriniwas Puri | 06/11/2012 | Blue Berry/IN8553/28.04.2012/43/20.03.2012/19.06.20121260 | 45.00 | S RAM | B-482647 | 1 | 45.00 | Children Books | |||
| Fiction | Vinoba Puri | Vinoba Puri | 06/11/2012 | Blue Berry/IN8553/28.04.2012/43/20.03.2012/19.06.20121260 | 45.00 | S RAM | B-482648 | 1 | 45.00 | Children Books |
